| 000 | 00334nam a2200121Ia 4500 | ||
|---|---|---|---|
| 008 | 230907s9999||||xx |||||||||||||| ||und|| | ||
| 082 |
_a621.47, _bVOS |
||
| 100 |
_aVos, Alexis de. _9114599 |
||
| 245 | 0 | _aThermodynamics of solar energy conversion / | |
| 260 |
_aWiley-VCH, _bWeinheim : _c2008 |
||
| 300 | _axiii, 192 p. : | ||
| 942 | _cBK | ||
| 999 |
_c597458 _d597458 |
||